000
00239nam a2200097Ia 4500
082
_a
J 551.21 DENN
245
0
_a
Volcano
100
_a
Dennis, Peter London, 2003
_9
31175
942
_c
BK
008
210817s9999 xx 000 0 und d
999
_c
249631
_d
249630